Southville International School and Colleges
Your cart is empty.
  • Cart
  • Lists
    Public lists Eva Luna New books Lux_list list_1
    Your lists Log in to create your own lists
  • Log in to your account
  • Your cookies
  • Search history
Southville International School and Colleges
  • Advanced search
  • Recent comments
  • Most popular
  • Libraries

Log in to your account

Log in with GOOGLE


If you do not have an external account, but do have a local account, you can still log in:

  1. Home
  2. MARC view: Sampaguita /
Normal view MARC view ISBD view

Sampaguita / (Record no. 102668)

[ view plain ]
MARC details
000 -LEADER
fixed length control field 00591nam a2200169 a 4500
005 - DATE AND TIME OF LATEST TRANSACTION
control field 20140412111240.0
008 - FIXED-LENGTH DATA ELEMENTS--GENERAL INFORMATION
fixed length control field 010419s19uu xx 00 eng d
020 ## - INTERNATIONAL STANDARD BOOK NUMBER
International Standard Book Number 971-19-0103-X
050 ## - LIBRARY OF CONGRESS CALL NUMBER
Classification number Fil E
Item number Sa4 1991
100 ## - MAIN ENTRY--PERSONAL NAME
Personal name Paterno, Maria Elena
245 ## - TITLE STATEMENT
Title Sampaguita /
Statement of responsibility, etc Maria Elena Paterno; illustrated by Beaulah P. Taguiwalo.
260 ## - PUBLICATION, DISTRIBUTION, ETC. (IMPRINT)
Place of publication, distribution, etc Philippines :
Name of publisher, distributor, etc Anvil Publishing, Inc,
Date of publication, distribution, etc 1991.
300 ## - PHYSICAL DESCRIPTION
Extent 1v. (unp.) ; ill.
500 ## - GENERAL NOTE
General note Winner! PBBY Writer's Prize 1986 ; Winner! Goethe Institut Illustrator's Workshop 1991
650 ## - SUBJECT ADDED ENTRY--TOPICAL TERM
Topical term or geographic name as entry element Children's stories, Filipino
Holdings
Withdrawn status Lost status Damaged status Home library Current library Shelving location Date acquired Source of acquisition Total Checkouts Full call number Barcode Date last seen Price effective from Koha item type
      Elizalde Library Elizalde Library Filipiniana Section 04/19/2001     Fil E Sa4 1991 E2428 04/12/2014 04/12/2014 Books

Sampaguita /

APA

Paterno M. E., . (1991). Sampaguita. Philippines: Anvil Publishing, Inc.

Chicago

Paterno Maria Elena, . 1991. Sampaguita. Philippines: Anvil Publishing, Inc.

Harvard

Paterno M. E., . (1991). Sampaguita. Philippines: Anvil Publishing, Inc.

MLA

Paterno Maria Elena, . Sampaguita. Philippines: Anvil Publishing, Inc. 1991.

  • Place hold
  • Print
  • Cite
  • Add to your cart (remove)
  • Save record
    BIBTEX Dublin Core MARCXML MARC (non-Unicode/MARC-8) MARC (Unicode/UTF-8) MARC (Unicode/UTF-8, Standard) MODS (XML) RIS
  • More searches
    Search for this title in:
    Other Libraries (WorldCat) Other Databases (Google Scholar) Online Stores (Bookfinder.com) Open Library (openlibrary.org)

Exporting to Dublin Core...

SOUTHVILLE LIBRARY

Southville International School and Colleges Library

1281 Tropical Ave. Cor. Luxembourg St., BF Homes International, Las Pinas City

Tel. No. 8256374 / 252358 Loc. 117/146

Powered by Koha